000 00936nam a22003017a 4500
001 9800
003 FISKH
005 20260226093919.0
008 260226b cb ||||| |||| 00| 0 eng d
020 _a9780590434294
040 _aFISKH
_beng
_cFISKH
_dFISKH
050 _a PZ7 .W7802 .M
082 _a813
100 _aWiseman , Bernard
245 _aMorris has a cold /
_cWritten and illustrated by Bernard Wiseman
260 _aNew York :
_bScholastic ,
_c1978 .
300 _a48 pages :
_bcolor illustrations ;
_c20 cm .
490 _aMorris and Boris
_v6
505 _aF
520 _aMorris the Moose has a cold and Boris the bear tries various remedies to cure him.
521 8 _a350
_bLexile
521 8 _aF
_bRaz-Plus
650 _aMorris and Boris
_vChildren's Books
650 _aBears
_vChildren's Books
700 _aWiseman , Bernard
_eIllustrator
942 _2ddc
_cBK
_n0
999 _c9800
_d9800